F13_小学校3年生で学習する漢字 - Statistics

General Stats
  • This quiz has been taken 4 times
  • The average score is 59 of 200
Answer Stats
画数 漢字 % Correct
2
67%
7
67%
8
67%
9
67%
9
67%
9
67%
9
67%
10
67%
12
67%
13
67%
14
67%
15 調
67%
16
67%
4
33%
4
33%
4
33%
4
33%
5
33%
5
33%
5
33%
5
33%
5
33%
5
33%
5
33%
5
33%
5
33%
5
33%
5
33%
5
33%
5
33%
5
33%
5
33%
6
33%
6
33%
6
33%
6
33%
6
33%
6
33%
6
33%
6
33%
6
33%
6
33%
6
33%
6
33%
6
33%
7
33%
7
33%
7
33%
7
33%
7
33%
7
33%
7
33%
7
33%
7
33%
7
33%
8
33%
8
33%
8
33%
8
33%
8
33%
8
33%
8
33%
8 使
33%
8
33%
8
33%
8
33%
8
33%
8
33%
8
33%
8
33%
8
33%
8
33%
8
33%
8
33%
8
33%
8
33%
9
33%
9
33%
9
33%
9
33%
9
33%
9
33%
9
33%
9
33%
9
33%
9
33%
9
33%
9
33%
9
33%
9
33%
9
33%
9
33%
10
33%
10
33%
10
33%
10
33%
10
33%
10
33%
10
33%
10
33%
10
33%
10
33%
10
33%
10
33%
10
33%
11
33%
11
33%
11
33%
11
33%
11
33%
11 宿
33%
11
33%
11
33%
11
33%
11
33%
11
33%
11
33%
11
33%
11
33%
11
33%
12
33%
12
33%
12
33%
12
33%
12
33%
12
33%
12
33%
12
33%
12
33%
12
33%
12
33%
12
33%
12
33%
12
33%
12
33%
12
33%
12
33%
12
33%
12
33%
12
33%
12
33%
12
33%
12
33%
13
33%
13
33%
13
33%
13
33%
13
33%
13
33%
13
33%
13
33%
14
33%
14
33%
14
33%
14
33%
14
33%
15
33%
15
33%
15
33%
16
33%
16
33%
16
33%
18
33%
5
0%
5
0%
6
0%
7
0%
7
0%
7
0%
8
0%
8
0%
8
0%
8
0%
8
0%
8
0%
9
0%
9
0%
9
0%
9
0%
9
0%
9
0%
9
0%
9
0%
9
0%
9
0%
10
0%
10
0%
10
0%
10
0%
10
0%
10
0%
11
0%
11
0%
11
0%
11
0%
12
0%
12
0%
12
0%
13
0%
13
0%
No matching quizzes found
Score Distribution
Percent of People with Each Score
Percentile by Number Answered
Your Score History
You have not taken this quiz